| 000 | 00848cam a2200229 a 4500 | ||
|---|---|---|---|
| 001 | 1212955 | ||
| 005 | 20180205085636.0 | ||
| 008 | 990301s1999 nyua 001 0 eng | ||
| 010 | _a 99020355 | ||
| 020 | _a0789446030 (alk. paper) | ||
| 040 |
_aDLC _cDLC _dDLC |
||
| 041 | _aeng | ||
| 080 | _a759 wen | ||
| 082 | 0 | 0 |
_a759 wen _221 |
| 100 | 1 | _a24 | |
| 101 | _ateo | ||
| 245 | 1 | 0 |
_aSister Wendy's 1000 masterpieces / _cSister Wendy Beckett ; contributing consultant, Patricia Wright. |
| 246 | 3 | _aSister Wendy's one thousand masterpieces | |
| 906 |
_a7 _bcbc _corignew _d1 _eocip _f19 _gy-gencatlg |
||
| 942 |
_2ddc _cBK |
||
| 999 |
_c41816 _d41816 |
||